Australian Artists with #1 Albums - Statistics

General Stats
  • This quiz has been taken 350 times
  • The average score is 4 of 12
Answer Stats
Year Album Artist % Correct
1981/82 For Those About to Rock We Salute You AC/DC
90%
2008 Black Ice AC/DC
90%
1982/83 Business as Usual Men at Work
45%
1974 If You Love Me, Let Me Know Olivia Newton-John
45%
1975 Have You Never Been Mellow Olivia Newton-John
45%
2014 1000 Forms of Fear Sia
32%
2014 Self Titled 5 Seconds of Summer
19%
2015 Sounds Good Feels Good 5 Seconds of Summer
19%
2018 Youngblood 5 Seconds of Summer
19%
2020 F*ck Love The Kid LAROI
15%
2009 Defying Gravity Keith Urban
13%
2013 Fuse Keith Urban
13%
No matching quizzes found
Score Distribution
Percent of People with Each Score
Percentile by Number Answered
Your Score History
You have not taken this quiz